Le Pari européen

Uloženo v:
Podrobná bibliografie
Hlavní autor: Armand, Louis
Médium: Kniha
Jazyk:Undetermined
Vydáno: Paris le Livre de poche 1971
Témata:
Tagy: Přidat tag
Žádné tagy, Buďte první, kdo otaguje tento záznam!
Thư viện lưu trữ: Trung tâm Học liệu Trường Đại học Cần Thơ
LEADER 00479nam a2200181Ia 4500
001 CTU_82394
008 210402s9999 xx 000 0 und d
082 |a 330.9 
082 |b A727 
100 |a Armand, Louis 
245 0 |a Le Pari européen 
245 0 |c Louis Armand, Michel Drancourt 
260 |a Paris 
260 |b le Livre de poche 
260 |c 1971 
650 |a Economic history 
904 |i Trọng Hải 
980 |a Trung tâm Học liệu Trường Đại học Cần Thơ